000 00705cab a2200241 4500
001 WB3224-34
008 090401t1996 xxu||||| |||| 00| 0 eng d
035 _a(Sirsi) u34282
041 _aeng
245 _aFirst Leisure to invest £50m in expansion plan
260 _c1996
350 _a0
490 _aFinancial Times
_v19 June 1996, 26(1)
520 _aFirst Leisure is planning a £50m leisure expansion programme building new bingo halls, night clubs and health clubs.
650 _aBINGO HALLS
650 _aFIRST LEISURE
650 _aHEALTH CLUBS
650 _aLEISURE DEVELOPMENT
650 _aNIGHTCLUBS
690 _aLEISURE AND RECREATION
942 _n0
948 _c04/03/1997
999 _c22731
_d22731